000 01132cab a2200253 4500
001 ABS47501
008 090401t1992 xxu||||| |||| 00| 0 eng d
035 _a(Sirsi) u62279
041 _aeng
100 _aBell, S.
245 _aChange of use regime still out of order
260 _c1992
350 _a0
490 _aPlanning (for the Natural and Built Environment)
_v(994) 13 November 1992, 14-15(2)
520 _aSummarises results of a survey carried out by the London Boroughs Association, Association of London Authorities and London Planning Advisory Committee to find out what problems were being experienced with the operation of the Use Classes Order 1987 and related provision of the 1988 General Development Order 1988. (S. Bell, "Out of order - the 1987 Use Classes Order, problems and proposals" London Boroughs Association £12).
650 _aCHANGE OF USE
650 _aGENERAL DEVELOPMENT ORDER 1988
650 _aLONDON
650 _aPLANNING CONTROLS
650 _aTOWN AND COUNTRY PLANNING (USE CLASSES) ORDER 1987
690 _aPLANNING LAW AND PRACTICE
942 _n0
948 _c04/03/1997
999 _c38703
_d38703